Citizen-assisted performance measurement?: reassessing its viability and impact (Record no. 509394)

000 -LEADER
fixed length control field 01424nam a2200181 4500
008 - FIXED-LENGTH DATA ELEMENTS--GENERAL INFORMATION
fixed length control field 190507b ||||| |||| 00| 0 eng d
100 ## - MAIN ENTRY--PERSONAL NAME
Personal name Ammons, David N.
245 ## - TITLE STATEMENT
Title Citizen-assisted performance measurement?: reassessing its viability and impact
260 ## - PUBLICATION, DISTRIBUTION, ETC. (IMPRINT)
Date of publication, distribution, etc 2018
300 ## - PHYSICAL DESCRIPTION
Extent p.716-729.
520 ## - SUMMARY, ETC.
Summary, etc Citizen-assisted performance measurement (CAPM) was a hot topic just a decade or so ago, promoted by enthusiasts as a useful coupling of the performance measurement and citizen participation movements. The idea of engaging citizens in the design of local government performance measures retains some ongoing support today based mostly on normative assumptions and testimonials. A careful review of the premises of CAPM and empirical evidence from CAPM projects, however, reveals weaknesses in the premises and few surviving measures from CAPM projects. The authors’ findings support the view that citizen efforts would more beneficially be directed upstream of performance measurement, with citizens engaged as focus groups to offer views on their local government’s performance objectives and priorities rather than as designers of performance measures. - Reproduced.
650 ## - SUBJECT ADDED ENTRY--TOPICAL TERM
Topical term or geographic name as entry element Performance appraisal
9 (RLIN) 5139
650 ## - SUBJECT ADDED ENTRY--TOPICAL TERM
Topical term or geographic name as entry element Citizen participation
9 (RLIN) 5140
700 ## - ADDED ENTRY--PERSONAL NAME
Personal name Madej, Patrick M.
9 (RLIN) 5141
773 ## - HOST ITEM ENTRY
Main entry heading American Review of Public Administration
906 ## - LOCAL DATA ELEMENT F, LDF (RLIN)
Subject DIP Local government
942 ## - ADDED ENTRY ELEMENTS (KOHA)
Source of classification or shelving scheme
Item type Articles
Holdings
Withdrawn status Lost status Source of classification or shelving scheme Damaged status Not for loan Permanent location Current location Date acquired Serial Enumeration / chronology Barcode Date last seen Koha item type
          Indian Institute of Public Administration Indian Institute of Public Administration 2019-05-07 48(7), Oct, 2018: p.716-729. AR119576 2019-05-07 Articles

Powered by Koha